000 01083nam a22002417a 4500
003 AR-RoUNCS
005 20260218144649.0
008 180814s2018 ag gr 000 10spa
015 _aAR-2018
020 _a978-950-852-306-8
040 _aAR-BaBN
_bspa
_cAR-RoUNCS
_eaacr
080 1 _a82-312.4(460)
_22016
100 1 _aChaparro, Carme,
_d1973-
245 1 0 _aNo soy un monstruo /
_cCarme Chaparro.
250 _a1a ed.
260 _aBuenos Aires :
_bEspasa-Calpe,
_c2018.
300 _a331 p. ;
_c24 cm.
490 0 _aÁmbito Cultural
520 1 _aSi hay algo peor que un pesadilla es que esa pesadilla se repita. Y entre nuestros peores sueños, los de todos, pocos producen más angustia que un niño desaparezca sin dejar rastro. Eso es precisamente lo que ocurre al principio de esta novela: en un centro comercial, en el medio del bullicio de una tarde de compras, un depredador acecha, eligiendo la presa que está a punto de arrebatar.
_c(Descripción del editor).
650 7 _aLiteratura española
_2embne
655 7 _2embne
_aNovelas policiacas
942 _2udc
_cOG
_n0
999 _c906
_d906